书目信息 |
| 题名: |
中国文化走出去的策略与路径创新研究
|
|
| 作者: | 林克勤 著 | |
| 分册: | ||
| 出版信息: | 成都 四川大学出版社 2018 |
|
| 页数: | 434页 | |
| 开本: | 25cm | |
| 丛书名: | ||
| 单 册: | ||
| 中图分类: | G125 | |
| 科图分类: | ||
| 主题词: | 文化交流--wen hua jiao liu--研究--中国 | |
| 电子资源: | ||
| ISBN: | 978-7-5690-2687-0 | |
| 000 | 01162nam0 2200277 450 | |
| 001 | 438718 | |
| 005 | 20140102083820.0 | |
| 010 | @a978-7-5690-2687-0@b精装@dCNY89.00 | |
| 099 | @aCAL 012019088338 | |
| 100 | @a20190704d2018 ekmy0chiy50 ea | |
| 101 | 0 | @achi |
| 102 | @aCN@b510000 | |
| 105 | @ay a 000yy | |
| 106 | @ar | |
| 200 | 1 | @a中国文化走出去的策略与路径创新研究@Azhong guo wen hua zou chu qu de ce lue yu lu jing chuang xin yan jiu@f林克勤著 |
| 210 | @a成都@c四川大学出版社@d2018 | |
| 215 | @a434页@d25cm | |
| 300 | @a国家出版基金项目 | |
| 320 | @a有书目 (第343-427) | |
| 330 | @a本书从策略和路径创新两个方面论述中国文化走出去的必要性、可行性、意义和方法,是国内少见的系统性研究文化走出去的专著。既有方针、政策、系统的解读和延伸,运用了政治学、社会学、新闻传播学和后殖民主义相关理论,阐释、梳理文化走出去的战略思想,又有具体路径的模式探索,对多种文化形态走出去案例进行了分析、思考,既有理论价值,又具有现实指导意义。 | |
| 333 | @a文化交流相关研究人员 | |
| 606 | 0 | @a文化交流@Awen hua jiao liu@x研究@y中国 |
| 690 | @aG125@v5 | |
| 701 | 0 | @a林克勤@Alin ke qin@4著 |
| 801 | 0 | @aCN@b上海新华@c20191020 |
| 905 | @b1186162-5@dG125@e232@f4 | |
| 中国文化走出去的策略与路径创新研究/林克勤著.-成都:四川大学出版社,2018 |
| 434页;25cm |
| 国家出版基金项目.-使用对象:文化交流相关研究人员 |
| ISBN 978-7-5690-2687-0(精装):CNY89.00 |
| 本书从策略和路径创新两个方面论述中国文化走出去的必要性、可行性、意义和方法,是国内少见的系统性研究文化走出去的专著。既有方针、政策、系统的解读和延伸,运用了政治学、社会学、新闻传播学和后殖民主义相关理论,阐释、梳理文化走出去的战略思想,又有具体路径的模式探索,对多种文化形态走出去案例进行了分析、思考,既有理论价值,又具有现实指导意义。 |
| ● |
| 相关链接 |
|
|
|
|
正题名:中国文化走出去的策略与路径创新研究
索取号:G125/232
 
预约/预借
| 序号 | 登录号 | 条形码 | 馆藏地/架位号 | 状态 | 备注 |
| 1 | 1186162 | 211861626 | 第一样本阅览室/ [索取号:G125/232] | 在馆 | |
| 2 | 1186163 | 211861635 | 第四借阅区/ [索取号:G125/232] | 在馆 | |
| 3 | 1186164 | 211861644 | 第四借阅区/ [索取号:G125/232] | 在馆 | |
| 4 | 1186165 | 211861653 | 第四借阅区/ [索取号:G125/232] | 在馆 |